Mirabeau o el político ; (Record no. 164213)
[ view plain ]
| 000 -LEADER | |
|---|---|
| campo de control de longitud fija | 01082nam a2200289 i 4500 |
| 001 - NÚMERO DE CONTROL | |
| campo de control | 164213 |
| 003 - IDENTIFICADOR DE NÚMERO DE CONTROL | |
| campo de control | ES-MaACL |
| 005 - FECHA Y HORA DE LA ÚLTIMA TRANSACCIÓN | |
| campo de control | 20250821153407.0 |
| 008 - DATOS DE LONGITUD FIJA--INFORMACIÓN GENERAL | |
| campo de control de longitud fija | 170706s1986 sp |||| | spa d |
| 020 ## - NÚMERO INTERNACIONAL ESTÁNDAR DEL LIBRO | |
| Número Internacional Estándar del Libro | 84-206-4130-8 |
| 080 ## - NÚMERO DE LA CLASIFICACIÓN DECIMAL UNIVERSAL | |
| Número de la Clasificación Decimal Universal | 821.134.2-4"19" |
| 100 1# - ENTRADA PRINCIPAL--NOMBRE DE PERSONA | |
| Nombre de persona | Ortega y Gasset, José, |
| Fechas asociadas al nombre | 1883-1955 |
| 9 (RLIN) | 87503 |
| 245 10 - MENCIÓN DEL TÍTULO | |
| Título | Mirabeau o el político ; |
| Resto del título | Contreras o el aventurero ; Vives o el intelectual / |
| Mención de responsabilidad, etc. | Ortega y Gasset. |
| 246 3# - FORMA VARIANTE DEL TITULO | |
| Título propio/Titulo breve | Contreras o el aventurero |
| 246 3# - FORMA VARIANTE DEL TITULO | |
| Título propio/Titulo breve | Vives o el intelectual |
| 260 ## - PUBLICACIÓN, DISTRIBUCIÓN, ETC. | |
| Lugar de publicación, distribución, etc. | Madrid : |
| Nombre del editor, distribuidor, etc. | Revista de Occidente en Alianza Editorial, |
| Fecha de publicación, distribución, etc. | 1986. |
| 300 ## - DESCRIPCIÓN FÍSICA | |
| Extensión | 146 p. ; |
| Dimensiones | 18 cm. |
| 490 1# - MENCIÓN DE SERIE | |
| Mención de serie | Obras de José Ortega y Gasset ; |
| Designación de volumen o secuencia | 30 |
| 598 ## - NOTA LOCAL | |
| Nota local | Colección editada por Paulino Garagorri. |
| 600 14 - PUNTO DE ACCESO ADICIONAL DE MATERIA--NOMBRE DE PERSONA | |
| Nombre de persona | Mirabeau, Honoré-Gabriel de Riqueti |
| Títulos y otros términos asociados al nombre | , comte de. |
| 9 (RLIN) | 81463 |
| 600 14 - PUNTO DE ACCESO ADICIONAL DE MATERIA--NOMBRE DE PERSONA | |
| Nombre de persona | Contreras, Alonso de. |
| 9 (RLIN) | 40301 |
| 600 14 - PUNTO DE ACCESO ADICIONAL DE MATERIA--NOMBRE DE PERSONA | |
| Nombre de persona | Vives, Juan Luis, |
| Fechas asociadas al nombre | 1492-1540 |
| 9 (RLIN) | 115574 |
| 700 1# - ENTRADA AGREGADA--NOMBRE PERSONAL | |
| Nombre de persona | Garagorri, Paulino, |
| Fechas asociadas al nombre | 1916-2007 |
| 9 (RLIN) | 53911 |
| 830 1# - PUNTO DE ACCESO ADICIONAL DE SERIE-TÍTULO UNIFORME | |
| Título uniforme | Obras de José Ortega y Gasset ; |
| Designación de volumen o secuencia | 30 |
| 9 (RLIN) | 181562 |
| 852 4# - LOCALIZACIÓN | |
| Ubicación | ES-MaACL |
| Número de control de estantería | L-31828 |
| Estatus retirado | Estado de pérdida | Estado de daño | No para préstamo | Biblioteca de origen | Biblioteca actual | Ubicación en estantería | Fecha de adquisición | Fuente de adquisición | Total de préstamos | Signatura topográfica completa | Código de barras | Visto por última vez | Precio de reemplazo | Tipo de ítem Koha |
|---|---|---|---|---|---|---|---|---|---|---|---|---|---|---|
| Biblioteca del Ateneo de Madrid | Biblioteca del Ateneo de Madrid | Depósito 2 | 06/07/2017 | L-31828 | 1197893 | 23/02/2023 | 23/02/2023 | Libro impreso |
